000 00456nam a2200169 a 4500
001 000022342
005 20200930011707.0
008 101004s2004 dr 001 0 spa d
020 _a9945851608
040 _aDO-SdBNP
_bspa
_cBNPHU
082 _axxxx
_bT833e
100 1 _aTrinidad, Rubén
_946100
245 1 4 _aLos expósitos /
_cRubén Trinidad.
260 _a[Santo Domingo],
_c2004.
_bImpresos Trinidad.
300 _a130 P. ;
_c22 cm.
049 _aBNPD
999 _c21840
_d21840